MARC details
| 000 -LEADER |
| fixed length control field |
02519cam a22003614a 4500 |
| 001 - CONTROL NUMBER |
| control field |
muse78688 |
| 003 - CONTROL NUMBER IDENTIFIER |
| control field |
MdBmJHUP |
| 005 - DATE AND TIME OF LATEST TRANSACTION |
| control field |
20210127151420.0 |
| 006 - FIXED-LENGTH DATA ELEMENTS--ADDITIONAL MATERIAL CHARACTERISTICS |
| fixed length control field |
m o d |
| 007 - PHYSICAL DESCRIPTION FIXED FIELD--GENERAL INFORMATION |
| fixed length control field |
cr||||||||nn|n |
| 008 - FIXED-LENGTH DATA ELEMENTS--GENERAL INFORMATION |
| fixed length control field |
190626s2019 mau o 00 0 eng d |
| 010 ## - LIBRARY OF CONGRESS CONTROL NUMBER |
| Canceled/invalid LC control number |
2019944548 |
| 020 ## - INTERNATIONAL STANDARD BOOK NUMBER |
| International Standard Book Number |
9781643150086 |
| 020 ## - INTERNATIONAL STANDARD BOOK NUMBER |
| Canceled/invalid ISBN |
9781643150079 |
| 035 ## - SYSTEM CONTROL NUMBER |
| System control number |
(OCoLC)1122906772 |
| 040 ## - CATALOGING SOURCE |
| Original cataloging agency |
MdBmJHUP |
| Transcribing agency |
MdBmJHUP |
| 100 1# - MAIN ENTRY--PERSONAL NAME |
| Personal name |
Frank, Jeffery, |
| Relator term |
author. |
| 245 10 - TITLE STATEMENT |
| Title |
Being a Presence for Students |
| Remainder of title |
Teaching as a Lived Defense of Liberal Education / |
| Statement of responsibility, etc. |
Jeffery Frank. |
| 264 #1 - PRODUCTION, PUBLICATION, DISTRIBUTION, MANUFACTURE, AND COPYRIGHT NOTICE |
| Name of producer, publisher, distributor, manufacturer |
Lever Press, |
| 264 #3 - PRODUCTION, PUBLICATION, DISTRIBUTION, MANUFACTURE, AND COPYRIGHT NOTICE |
| Name of producer, publisher, distributor, manufacturer |
Project MUSE, |
| 300 ## - PHYSICAL DESCRIPTION |
| Extent |
1 online resource (pages cm) |
| 506 0# - RESTRICTIONS ON ACCESS NOTE |
| Terms governing access |
Open Access |
| Standardized terminology for access restriction |
Unrestricted online access |
| Source of term |
star |
| 520 ## - SUMMARY, ETC. |
| Summary, etc. |
"This book offers a lived defense of liberal education. How does a college professor, on a daily basis, help students feel the value of liberal education and get the most from that education? We answer this question, as professors, each day in the classroom. John William Miller, a philosophy professor at Williams College from 1924-1960 and someone noted for his exceptional teaching, developed one form that this lived defense can take. Though Miller published very little while he was alive, the archives at Williams College hold unpublished notes and essays of this master teacher. In this book, Jeff Franks offers an extended commentary on one of these unpublished essays where Miller develops his thinking on liberal education. Frank develops the idea that presence is central to liberal education and offers suggestions for how professors can become an educative presence for students. The goal of this book is an invitation to other professors who value liberal education to think with Miller about how to develop their own lived defense of liberal education, each day, in their own classrooms. The tone of the book is meant to be invitational, at times even conversational, and the book concludes with some direct suggestions for how professors can live their own defense of liberal education"-- |
| Assigning source |
Provided by publisher. |
| 588 ## - SOURCE OF DESCRIPTION NOTE |
| Source of description note |
Description based on print version record. |
| 655 #7 - INDEX TERM--GENRE/FORM |
| Genre/form data or focus term |
Electronic books. |
| Source of term |
local |
| 710 2# - ADDED ENTRY--CORPORATE NAME |
| Corporate name or jurisdiction name as entry element |
Project Muse. |
| Relator term |
distributor |
| 830 #0 - SERIES ADDED ENTRY--UNIFORM TITLE |
| Uniform title |
Book collections on Project MUSE. |
| 856 40 - ELECTRONIC LOCATION AND ACCESS |
| Public note |
Full text available: |
| Uniform Resource Identifier |
<a href="https://muse.jhu.edu/book/68985/">https://muse.jhu.edu/book/68985/</a> |